Dotácie a prosperita poľnohospodárskych podnikov v SR

Skúmanie vplyvu dotácií na dôchodkovosť a účinnosť dotácií za poľnohospodársku prvovýrobu. V rámci výskumu VEGA sa skúma účinnosť dotácií v novom type podnikateľských subjektov právnických osôb, ktoré vznikli v procese transformácie - v obchodných spoločnostiach. Obchodné spoločnosti v poľnohospodár...

Descrizione completa

Salvato in:
Dettagli Bibliografici
Autore principale: Szabo, Ľuboslav
Natura: Capitolo di libro
Lingua:slovacco
Soggetti:
Tags: Aggiungi Tag
Nessun Tag, puoi essere il primo ad aggiungerne!!

MARC

LEADER 00000naa$a2200000$$$4500
001 0022606
005 20221128115310.9
041 0 |a slo 
044 |a SK 
245 1 0 |a Dotácie a prosperita poľnohospodárskych podnikov v SR  |c Ľuboslav Szabo 
520 |a Skúmanie vplyvu dotácií na dôchodkovosť a účinnosť dotácií za poľnohospodársku prvovýrobu. V rámci výskumu VEGA sa skúma účinnosť dotácií v novom type podnikateľských subjektov právnických osôb, ktoré vznikli v procese transformácie - v obchodných spoločnostiach. Obchodné spoločnosti v poľnohospodárstve. Vplyv dotácií na ekonomiku OS v kukuričnej oblasti. Účinnosť dotácií v súbore ziskových obchodných spoločností. Vplyv dotácií na ekonomiku stratových OS v kukuričnej oblasti. 
610 2 0 |a dotácie 
610 2 0 |a poľnohospodárstvo 
610 2 0 |a spoločnosti obchodné 
610 2 0 |a výskum 
610 2 0 |a podnik poľnohospodársky 
610 2 0 |a Slovensko 
610 2 0 |a kukurica 
610 2 0 |a výnosy 
610 2 0 |a náklady 
100 1 |a Szabo, Ľuboslav